Score 0/20 Timer 06:00
0 Plays Today
Question Answer % Correct
You would literally have a 'heart of gold' if what mythical king touched your heart?King Midas
90.3%
It is said that the way to a man's heart is through his what?Stomach
86.4%
Who sang 'My Heart Will Go On,' the theme from 'Titanic?'Celine Dion
84.7%
'If I Only Had A Heart' is sung by what character in a 1939 movie musical?Tin Man
79.1%
Who recorded 'Heartbreak Hotel' in 1956?Elvis Presley
78.4%
Which king was also known as the Lionheart?King Richard I
77.9%
'The Tell-Tale Heart' is a short story written by what dark poet?Edgar Allen Poe
77.6%
According to The Beatles, who led a 'lonely hearts club band?'Sgt. Pepper
75.9%
In what show would you find J.D. and Turk working at Sacred Heart Hospital?Scrubs
71.9%
Hanks and Loggia play 'Heart and Soul' on an enormous piano in what 1988 film?Big
64.6%
Question Answer % Correct
Which Disney villain sends the huntsman to obtain Snow White's heart?Queen Grimhilde
60.4%
In 'The Legend of Zelda,' what do the small hearts represent?(Link's) Health
58.7%
Which Heart song is also the name of a vicious fish?Barracuda
58.1%
Whose triple platinum album, 'Heart of Stone,' features the song 'If I Could Turn Back Time?'Cher
57%
In cards, what physical feature does the king of hearts lack that the other three kings have?A moustache
44.5%
What type of animal, that SpongeBob enjoys 'fishing' for, does not have a heart?Jellyfish
41.2%
Which famous director/actor does both in 'Heartbreak Ridge?'Clint Eastwood
41.1%
What British/Polish author wrote 'Heart of Darkness?'Joseph Conrad
40.4%
The original Purple Heart was established by which U.S. president?George Washington
34.3%
'Heart of the Swarm' (focusing on the Zerg race) is an expansion on which real-time strategy game?Starcraft II
15.2%
Remove Ads.
Support Sporcle.
Get the best of Sporcle when you Go Orange. This ad-free experience offers more features, more stats, and more fun while also helping to support Sporcle. Thank you for becoming a member.

You're not logged in!

Compare scores with friends on all Sporcle quizzes.
OR
Log In

Show Comments

Extras

Top Quizzes Today


Score Distribution

Your Account Isn't Verified!

In order to create a playlist on Sporcle, you need to verify the email address you used during registration. Go to your Sporcle Settings to finish the process.

Report this User

Report this user for behavior that violates our Community Guidelines.

Details: